000 00736nam a22002292 4500
001 0000012957
005 20151217152118.0
008 090513s xx 000 0 eng d
020 _a0205396771 :
040 _aKABU
_cKABU
100 1 _aHalbur, Duane.
_@0000169988
245 1 0 _aDeveloping your theoretical orientation in counseling and psychotherapy /
_cDuane Halbur, Kimberly Vess Halbur.
250 _a1st ed.
260 _aBoston :
_bPearson,
_c2006.
300 _axii, 104 p.
650 0 _aPsychology
_xPhilosophy.
_@0000169989
650 0 _aPsychotherapy.
_@0000082185
700 1 _aHalbur, Kimberly Vess.
_@0000169990
852 1 _9p1395 KES
908 _a090513
950 _@1
999 _c8390
_d8390